Retroperitoneoscopic approach in the treatment of symptomatic renal cysts

Bibliographic Details
Main Authors: Lutter, Ivan, 1953- (Author), Weibl, Peter, 1975- (Author), Daniel, Ivan (Author), Pechan, Juraj, 1952- (Author), Pinďák, Daniel, 1972- (Author)
Format: Article
Language:Slovak
English
PhysicalDescription:Obr., tab.
ISSN:0006-9248
Subjects:

MARC

LEADER 00000nab a2200000 a 4500
001 vtls008875760
003 SK-MaSNL
005 20260304140755.0
008 250505c2005 xo 0 slo
015 |a SNBCL2005/5 
035 |a SLK036910 
035 |a urn:nbn:sk:snk-abyhv 
035 |a (urnnbn)urn:nbn:sk:snk:ar-a03ijn 
035 |a (uuid)516ee553-b4b5-4c06-ae97-df362f456649 
040 |a SNKBUCL  |b slo  |c SNKBUCL  |e AACR2 
041 0 |a eng  |b eng 
044 |a xo  |c SK 
080 |a 616.61-003.4-089-032:617.553  |2 1981 
245 0 0 |a Retroperitoneoscopic approach in the treatment of symptomatic renal cysts  |c I. Lutter ... [et al.] 
300 |b Obr., tab. 
504 |a Res. angl. 
504 |a Bibliogr. odkazy 
650 0 7 |a choroby obličiek, cystické  |x chirurgia  |2 MESH  |9 1457651 
650 0 7 |a výkony chirurgické urologické  |x metódy  |2 MESH  |9 1136171 
650 0 7 |a priestor retroperitoneálny  |x chirurgia  |2 MESH  |9 1457652 
650 0 7 |a faktory časové  |2 MESH  |9 858624 
650 0 7 |a výsledok liečby  |2 MESH  |9 839245 
650 0 7 |a kazuistika  |2 MESH  |9 19523 
700 1 |a Lutter, Ivan,  |d 1953-  |4 aut  |9 200330 
700 1 |a Weibl, Peter,  |d 1975-  |4 aut  |9 200329 
700 1 |a Daniel, Ivan  |4 aut  |9 1055766 
700 1 |a Pechan, Juraj,  |d 1952-  |4 aut 
700 1 |a Pinďák, Daniel,  |d 1972-  |4 aut  |9 23611 
773 0 |t Bratislavské lekárske listy  |g Vol. 106, no. 11 (2005), s. 366-370  |x 0006-9248 
850 |a Slovenská národná knižnica 
852 |a Slovenská národná knižnica 
958 |a article27 
958 |a OND 
958 |a EUIPO 
999 |c 2916413  |d 2918343